<?xml version="1.0" encoding="UTF-8"?>
<record
    xmlns:xsi="http://www.w3.org/2001/XMLSchema-instance"
    xsi:schemaLocation="http://www.loc.gov/MARC21/slim http://www.loc.gov/standards/marcxml/schema/MARC21slim.xsd"
    xmlns="http://www.loc.gov/MARC21/slim">

  <leader>03332nam a2200301 i 4500</leader>
  <controlfield tag="001">000000336732</controlfield>
  <controlfield tag="003">IT-MiSPE</controlfield>
  <controlfield tag="005">20250324105014.0</controlfield>
  <controlfield tag="008">040628s2000    it            001 0 ita d</controlfield>
  <datafield tag="020" ind1=" " ind2=" ">
    <subfield code="a">8845290026</subfield>
    <subfield code="c">19,00 &#x20AC;</subfield>
  </datafield>
  <datafield tag="040" ind1=" " ind2=" ">
    <subfield code="a">IT-MiSPE</subfield>
    <subfield code="b">ita</subfield>
    <subfield code="d">IT-MiSPE</subfield>
    <subfield code="c">IT-MiSPE</subfield>
  </datafield>
  <datafield tag="041" ind1="1" ind2=" ">
    <subfield code="a">ita ger</subfield>
    <subfield code="h">ger</subfield>
  </datafield>
  <datafield tag="082" ind1=" " ind2=" ">
    <subfield code="a">193-HEG ge fe (ppv 23398)</subfield>
  </datafield>
  <datafield tag="100" ind1="1" ind2=" ">
    <subfield code="a">Hegel, Georg Wilhelm Friedrich,</subfield>
    <subfield code="d">1770-1831.</subfield>
    <subfield code="e">autore</subfield>
    <subfield code="9">61896</subfield>
  </datafield>
  <datafield tag="245" ind1="1" ind2="0">
    <subfield code="a">Fenomenologia dello spirito /</subfield>
    <subfield code="c">George Wilhelm Friedrich Hegel ; introduzione, traduzione, note e apparati di Vincenzo Cicero.</subfield>
  </datafield>
  <datafield tag="260" ind1=" " ind2=" ">
    <subfield code="a">[Milano] :</subfield>
    <subfield code="b">Bompiani,</subfield>
    <subfield code="c">&#xA9;2000.</subfield>
  </datafield>
  <datafield tag="300" ind1=" " ind2=" ">
    <subfield code="a">1148 p. ;</subfield>
    <subfield code="c">20 cm</subfield>
  </datafield>
  <datafield tag="490" ind1="1" ind2=" ">
    <subfield code="a">Bompiani testi a fronte ;</subfield>
    <subfield code="v">003</subfield>
  </datafield>
  <datafield tag="500" ind1=" " ind2=" ">
    <subfield code="a">Traduzione italiana con testo tedesco a fronte</subfield>
  </datafield>
  <datafield tag="504" ind1=" " ind2=" ">
    <subfield code="a">Bibliografia (pp. [1113]-1125) e indice</subfield>
  </datafield>
  <datafield tag="520" ind1=" " ind2=" ">
    <subfield code="a">Il 28 giugno 1807 appare per la prima volta nella "Bamberger Zeitung" l'annuncio bibliografico della pubblicazione per l'editore Joseph Anton Goebardt di un'opera dal titolo Fenomenologia dello spirito del dottore e professore di Filosofia a Jena G.W.F. Hegel. L'opera - la prima della maturit&#xE0; - rappresenta il primo volume del sistema della scienza che Hegel annuncia di voler scrivere. Seguiranno a breve infatti la Scienza della logica (1812-16), l'Enciclopedia delle scienze filosofiche (1817) e i Lineamenti di filosofia del diritto (1821). La Fenomenologia "espone il sapere nel suo divenire", cio&#xE8; le varie tappe dell'autodispiegamento dialettico dello Spirito nella Storia. Essa comprende le diverse figure dello spirito come stazioni del cammino mediante il quale lo spirito diviene Sapere puro ovvero Spirito assoluto. Tale processo rappresenta, secondo Hegel, "una scienza nuova e interessante" - classificabile come la prima scienza della filosofia - che deve subentrare al posto delle spiegazioni psicologiche e delle discussioni astratte che i filosofi sogliono fare allorquando indagano sulla fondazione del sapere. In ogni suddivisione fondamentale di questa scienza vengono considerate, in ordine: la coscienza, l'autocoscienza, la ragione osservativa e attiva, lo Spirito nelle sue varie forme (etico, colto, morale, religioso), per giungere, infine, allo Spirito assoluto o Sapere puro.
La presente edizione &#xE8; curata da Vincenzo Cicero, studioso attento e profondo di Hegel. La sua introduzione mette in evidenza le difficolt&#xE0; il significato e i contenuti dell'opera. La traduzione chiara e scorrevole intende cogliere l'andamento autentico dei pensieri hegeliani attraverso il suo inesorabile continuum dialettico. Un ricco glossario, la bibliografia e gli indici analitici completano la monumentale opera. Il test tedesco a fronte riproduce l'edizione storico-critica di riferimento a cura di W. Bonsepien e R. Heede con alcune varianti. Quest'edizione in un unico volume con il testo tedesco a fronte della traduzione, costituisce un'autentica novit&#xE0; a livello internazionale.</subfield>
  </datafield>
  <datafield tag="546" ind1=" " ind2=" ">
    <subfield code="a">Traduzione di Vincenzo Cicero.
Traduzione italiana con testo a fronte.</subfield>
  </datafield>
  <datafield tag="655" ind1=" " ind2="7">
    <subfield code="a">Filosofi di lingua tedesca. Generalit&#xE0; e filosofi fino al 1920</subfield>
    <subfield code="x">Filosofi 1801-1920: Hegel Georg Wilhelm Friedrich, 1770-1831. Opere.</subfield>
    <subfield code="9">57329</subfield>
  </datafield>
  <datafield tag="700" ind1="1" ind2=" ">
    <subfield code="a">Cicero, Vincenzo,</subfield>
    <subfield code="d">1962-,</subfield>
    <subfield code="e">ed.</subfield>
    <subfield code="9">61938</subfield>
  </datafield>
  <datafield tag="830" ind1=" " ind2="0">
    <subfield code="a">Bompiani testi a fronte ;</subfield>
    <subfield code="v">003.</subfield>
    <subfield code="9">61939</subfield>
  </datafield>
  <datafield tag="942" ind1=" " ind2=" ">
    <subfield code="2">ddc</subfield>
    <subfield code="c">BK</subfield>
  </datafield>
  <datafield tag="999" ind1=" " ind2=" ">
    <subfield code="c">360460</subfield>
    <subfield code="d">360460</subfield>
  </datafield>
  <datafield tag="952" ind1=" " ind2=" ">
    <subfield code="0">0</subfield>
    <subfield code="1">0</subfield>
    <subfield code="2">ddc</subfield>
    <subfield code="4">0</subfield>
    <subfield code="6">193HEG_GE_FE_PPV_23398</subfield>
    <subfield code="7">1</subfield>
    <subfield code="a">CINISELLO</subfield>
    <subfield code="b">CINISELLO</subfield>
    <subfield code="d">2025-03-24</subfield>
    <subfield code="l">0</subfield>
    <subfield code="o">193-HEG ge fe (ppv 23398)</subfield>
    <subfield code="p">8845290026</subfield>
    <subfield code="r">2025-03-24 10:51:45</subfield>
    <subfield code="w">2025-03-24</subfield>
    <subfield code="y">BK</subfield>
  </datafield>
</record>
